|
|
|
|
| LEADER |
00000nam a22000007ic4500 |
| 001 |
IT\ICCU\UBO\1785213 |
| 003 |
ItRI |
| 005 |
20260302175146.0 |
| 008 |
020723s2002 it |||||| ||||| |||||c |
| 020 |
|
|
|a 8887939241
|
| 040 |
|
|
|b ita
|c GP
|
| 041 |
|
7 |
|a ita
|2 ISO-639-2
|
| 245 |
0 |
0 |
|a La mia vita segreta.
|c anonimo vittoriano.
|
| 260 |
|
|
|a Milano :
|b ES,
|c [2002]
|
| 300 |
|
|
|a 303 p. ;
|c 23 cm.
|
| 773 |
0 |
|
|w IT\ICCU\UBO\1674069
|t La mia vita segreta
|g 1
|
| 942 |
|
|
|2 ddc
|c BK
|
| 952 |
|
|
|0 0
|1 0
|2 ddc
|4 0
|6 828_803000000000000_ANO
|7 1
|9 33201
|a RM
|b RM
|d 2026-03-02
|l 0
|o 828.803 ANO
|p 950
|r 2026-03-02 17:53:29
|w 2026-03-02
|y BK
|
| 981 |
|
1 |
|6 z01
|a i
|b xxxe
|
| 982 |
|
1 |
|6 z01
|a n
|
| 999 |
|
|
|c 28825
|d 28825
|